000 00772nam a22002177i 4500
999 _c23467
_d23467
003 AR-CdUCM
008 260121b20222022 pe||||| |||| 00| 0 spa d
020 _a978-9962-04-925-8
040 _aMUNICIPALIDAD PROVINCIAL DEL CUSCO
_cBIBLIOTECA MUNICIPAL DEL CUSCO
041 _hspa
082 _aES / 590.3 /
_bL11
110 _aLexus Editores
_918613
245 _aLa enciclopedia infantil de los animales /
260 _aIndia :
_bLexsus Editores :
_c2022
300 _a187 páginas. :
_c29x22 cm.
505 _aReyno animal -- grupos de animales -- Sentidos de los animales -- Estuarios -- Aves de caza acuáticas -- Primates -- Artrópodos
710 _aLexus Editores
_918613
856 _fwww.lexuseditores.com
942 _2ddc
_cLIBROS
945 _apbjr
_d21-01-2026